Pays à 2 syllabes (de E à J) - Statistiques

Statistiques générales
  • Ce quiz a été pris 43 fois
  • Le résultat moyen est 10 sur 15
Statistiques - réponses
Hint Réponse % Correct
H Hongrie
88%
J Japon
85%
G Gabon
80%
F Fidji
78%
F Finlande
78%
G Ghana
76%
G Guinée
68%
I Islande
68%
I Irlande
66%
E Espagne
61%
I Iran
61%
I Irak
59%
E Egypte
56%
G Gambie
56%
G Grenade
32%
Aucun quiz correspondant
Distribution des résultats
% des personnes avec chaque résultat
Percentile par nombre de réponses
Votre historique - résultats
Vous n’avez pas pris ce quiz